000 00507 a2200157 4500
999 _c2500
_d2500
020 _a9781847429278
050 _aHM 708 SOC 2012
245 _aSocial capital, children and young people:
_bImplications for practice, policy and research/
_cedited by Julie Allan and Ralph Catts
264 _aBristol:
_bPolicy Press,
_c2012
300 _aix,233p.
500 _aincludes index
650 _aSocial capital
700 _aAllan Julie
_eeditor
700 _aCatts Ralph
_eeditor
942 _2lcc
_cBK
_h708
_iSOC
_k2012